[Event "Stuttgart-chA int"]
[Site "Ditzingen"]
[Date "2006.05.28"]
[Round "7"]
[White "Michna, Christian"]
[Black "Kloepfer, Markus"]
[Result "1-0"]
[WhiteElo "2268"]
[BlackElo "2132"]
[PlyCount "74"]
[EventDate "2006.05.25"]
[EventType "swiss"]
[EventRounds "7"]
[EventCountry "GER"]
[SourceTitle "EXT 2018"]
[Source "ChessBase"]
[SourceDate "2017.10.13"]
[SourceVersion "1"]
[SourceVersionDate "2017.10.13"]
[SourceQuality "1"]

1. e4 c5 2. c3 d5 3. exd5 Qxd5 4. d4 Nf6 5. Nf3 e6 6. Be3 cxd4 7. cxd4 Nc6 8. a3 Be7 9. Nc3 Qd6 10. Bd3 0-0 11. 0-0 b6 12. Qe2 Bb7 13. Rad1 Rfd8 14. Rfe1 Rac8 15. Bg5 h6 16. Bc1 Bf8 17. Bb1 Ne7 18. Ne5 Ned5 19. Nb5 Qb8 20. Nxf7 Re8 21. Ne5 a6 22. Nc3 Rxc3 23. bxc3 Nxc3 24. Qd3 Nxd1 25. Qxd1 Qd6 26. Qd3 Re7 27. f3 Rc7 28. Nc4 Qd5 29. Ne3 Qa5 30. Rd1 Qc3 31. Qg6 Bxa3 32. Ng4 Nxg4 33. Qxe6+ Kf8 34. Bxa3+ Qxa3 35. fxg4 Re7 36. Rf1+ Ke8 37. Bg6+ Kd8 1-0

[Event "Stuttgart-chA int"]
[Site "Ditzingen"]
[Date "2006.05.25"]
[Round "1"]
[White "Hager, Joshua Aarash"]
[Black "Kloepfer, Markus"]
[Result "0-1"]
[WhiteElo "1872"]
[BlackElo "2132"]
[PlyCount "50"]
[EventDate "2006.05.25"]
[EventType "swiss"]
[EventRounds "7"]
[EventCountry "GER"]
[SourceTitle "EXT 2018"]
[Source "ChessBase"]
[SourceDate "2017.10.13"]
[SourceVersion "1"]
[SourceVersionDate "2017.10.13"]
[SourceQuality "1"]

1. d4 Nf6 2. c4 g6 3. Nc3 Bg7 4. e4 d6 5. Nf3 0-0 6. Be2 e5 7. Be3 exd4 8. Nxd4 Re8 9. f3 c6 10. Bf2 d5 11. exd5 cxd5 12. c5 Nbd7 13. Ndb5 Re6 14. Rc1 Bf8 15. b4 a5 16. a3 axb4 17. axb4 b6 18. Bh4 Be7 19. Nd4 bxc5 20. Nxe6 fxe6 21. Nb5 c4 22. Nd4 Bxb4+ 23. Kf1 e5 24. Nc6 Qb6 25. Ne7+ Bxe7 0-1

[Event "Stuttgart-chA int"]
[Site "Ditzingen"]
[Date "2005.05.06"]
[Round "3"]
[White "Kloepfer, Markus"]
[Black "Vollmer, Oliver"]
[Result "1/2-1/2"]
[WhiteElo "2149"]
[BlackElo "1996"]
[PlyCount "108"]
[EventDate "2005.05.05"]
[EventType "swiss"]
[EventRounds "7"]
[EventCountry "GER"]
[SourceTitle "EXT 2018"]
[Source "ChessBase"]
[SourceDate "2017.10.13"]
[SourceVersion "1"]
[SourceVersionDate "2017.10.13"]
[SourceQuality "1"]

1. d4 Nf6 2. Nf3 g6 3. Bg5 Bg7 4. e3 c5 5. c3 Qb6 6. Qc2 d5 7. Bxf6 Bxf6 8. Bd3 Nd7 9. Nbd2 e5 10. dxe5 Nxe5 11. Nxe5 Bxe5 12. 0-0 0-0 13. e4 dxe4 14. Bxe4 Qc7 15. g3 Bh3 16. Rfe1 Rad8 17. f4 Bg7 18. Nf3 Rfe8 19. f5 c4 20. Qf2 gxf5 21. Bc2 Bf8 22. Nd4 Bc5 23. Rad1 Rxe1+ 24. Qxe1 Qc6 25. Qf2 Qd5 26. Rd2 Re8 27. Bd1 Bg4 28. h4 Bxd1 29. Rxd1 Qe4 30. a4 Qg4 31. Rd2 Re4 32. Kh2 f4 33. Qf3 fxg3+ 34. Qxg3 Qxg3+ 35. Kxg3 Bxd4 36. cxd4 Kf8 37. d5 Ke7 38. h5 b6 39. Kf3 Rh4 40. d6+ Kd7 41. Rd5 Rh2 42. Rf5 Kxd6 43. Rxf7 Rxh5 44. Rxa7 Rh2 45. Ke3 Kc5 46. Rc7+ Kb4 47. Rb7 Kxa4 48. Rxb6 Rh5 49. Kd4 Rb5 50. Rc6 Kb3 51. Rxc4 Kxb2 52. Rc7 h5 53. Rh7 Kc2 54. Ke3 Rc5 1/2-1/2

[Event "Leinfelden Schachtage op 1st"]
[Site "Leinfelden"]
[Date "2000.??.??"]
[Round "5"]
[White "Junginger, Andreas"]
[Black "Kloepfer, Markus"]
[Result "1-0"]
[WhiteElo "2071"]
[BlackElo "2177"]
[PlyCount "73"]
[EventDate "2000.08.??"]
[EventType "swiss"]
[EventRounds "7"]
[EventCountry "GER"]
[SourceTitle "EXT 2003"]
[Source "ChessBase"]
[SourceDate "2002.11.25"]
[SourceVersion "1"]
[SourceVersionDate "2002.11.25"]
[SourceQuality "1"]

1. e4 c5 2. c3 d5 3. exd5 Qxd5 4. d4 Nf6 5. Nf3 Nc6 6. Be2 Bg4 7. 0-0 cxd4 8. cxd4 e6 9. Nc3 Qd8 10. Ne5 Bxe2 11. Nxe2 Nxe5 12. dxe5 Qxd1 13. Rxd1 Ng4 14. Bf4 Bc5 15. Bg3 Ke7 16. Nc3 Rhd8 17. h3 Nh6 18. Bh4+ f6 19. exf6+ gxf6 20. Bxf6+ Kxf6 21. Ne4+ Kf5 22. Nxc5 Rac8 23. Rac1 b6 24. Nb3 Nf7 25. Rxc8 Rxc8 26. Rd7 Kf6 27. Rxa7 Rc2 28. Ra6 Rxb2 29. Rxb6 Rxa2 30. Nc5 Nd8 31. Rd6 Ra8 32. f4 Rc8 33. Nd7+ Ke7 34. Rd3 Rc4 35. g3 Nf7 36. Kf2 h5 37. Kf3 1-0

[Event "Crailsheim op"]
[Site "Crailsheim"]
[Date "1999.05.24"]
[Round "6"]
[White "Reiss, Juergen"]
[Black "Kloepfer, Markus"]
[Result "1-0"]
[WhiteElo "2072"]
[BlackElo "2195"]
[PlyCount "67"]
[EventDate "1999.05.21"]
[EventType "swiss"]
[EventRounds "7"]
[EventCountry "GER"]
[SourceTitle "EXT 2004"]
[Source "ChessBase"]
[SourceDate "2003.11.25"]
[SourceVersion "1"]
[SourceVersionDate "2003.11.25"]
[SourceQuality "1"]

1. d4 Nf6 2. Nf3 g6 3. c4 Bg7 4. Nc3 0-0 5. e4 d6 6. Be2 e5 7. 0-0 Nc6 8. d5 Ne7 9. Ne1 Nd7 10. Be3 f5 11. f3 h6 12. a4 a5 13. Nd3 b6 14. b4 g5 15. c5 bxc5 16. bxc5 Nf6 17. Nb2 g4 18. cxd6 cxd6 19. Nc4 gxf3 20. gxf3 Ng6 21. Kh1 Rb8 22. Rb1 Rxb1 23. Qxb1 fxe4 24. fxe4 Ng4 25. Rxf8+ Bxf8 26. Qg1 Qh4 27. Qg3 Kh7 28. Qxh4 Nxh4 29. Bb6 h5 30. Nxa5 Bh6 31. Nc4 Bd7 32. a5 Bc8 33. Nxd6 Be3 34. Bxe3 1-0

[Event "Boeblingen op 14th"]
[Site "Boeblingen"]
[Date "1997.??.??"]
[Round "?"]
[White "Zeller, Frank"]
[Black "Kloepfer, Markus"]
[Result "1-0"]
[WhiteElo "2440"]
[BlackElo "2160"]
[PlyCount "93"]
[EventDate "1997.12.??"]
[EventType "swiss"]
[EventRounds "9"]
[EventCountry "GER"]
[SourceTitle "EXT 2001"]
[Source "ChessBase"]
[SourceDate "2000.11.22"]
[SourceVersion "1"]
[SourceVersionDate "2000.11.22"]
[SourceQuality "1"]

1. c4 g6 2. d4 Bg7 3. Nc3 Nf6 4. e4 0-0 5. Bg5 d6 6. Qd2 Na6 7. f3 c6 8. Nge2 e5 9. d5 h6 10. Be3 cxd5 11. cxd5 Bd7 12. Nc1 Ne8 13. Nb3 Kh7 14. Bb5 Bc8 15. 0-0 f5 16. exf5 gxf5 17. f4 e4 18. Nd4 Nac7 19. Bc4 Bd7 20. Rad1 Qe7 21. h3 Rg8 22. Kh1 Bf6 23. Rg1 Bh4 24. Nce2 Ng7 25. g3 Bf6 26. g4 Bh4 27. Nc3 Nce8 28. Bf2 Bxf2 29. Qxf2 Qf7 30. g5 Nh5 31. Ne6 Rc8 32. Be2 Bxe6 33. dxe6 Qg6 34. Nd5 Rc2 35. Ne7 Qxe6 36. Nxg8 Kxg8 37. Rg2 Rxe2 38. gxh6+ Kh7 39. Qxe2 Nxf4 40. Qb5 Nxg2 41. Qxb7+ Kxh6 42. Kxg2 Qc4 43. Kh1 Qe2 44. Qb3 Nf6 45. Rg1 e3 46. Qb7 Nh5 47. Qa8 1-0

[Event "Boeblingen op 12th"]
[Site "Boeblingen"]
[Date "1995.??.??"]
[Round "?"]
[White "Cieza Vega, Arcadio"]
[Black "Kloepfer, Markus"]
[Result "1/2-1/2"]
[WhiteElo "2535"]
[BlackElo "2380"]
[PlyCount "75"]
[EventDate "1995.12.??"]
[EventType "swiss"]
[EventRounds "9"]
[EventCountry "GER"]
[SourceTitle "EXT 2006"]
[Source "ChessBase"]
[SourceDate "2005.11.24"]
[SourceVersion "1"]
[SourceVersionDate "2005.11.24"]
[SourceQuality "1"]

1. d4 Nf6 2. Nf3 g6 3. c3 Bg7 4. Bg5 0-0 5. Nbd2 d6 6. e4 Nbd7 7. Be2 h6 8. Bh4 e5 9. dxe5 dxe5 10. 0-0 b6 11. Qc2 Bb7 12. Rfe1 Qe8 13. Bf1 Kh8 14. a4 a5 15. Bb5 Qe6 16. Bg3 Rad8 17. Bc4 Qe7 18. Nf1 Nh5 19. Rad1 Nxg3 20. Nxg3 Nc5 21. h4 Bf6 22. h5 Kg7 23. Bd5 c6 24. Bc4 Rxd1 25. Rxd1 Rd8 26. Rxd8 Qxd8 27. b4 Na6 28. bxa5 b5 29. axb5 cxb5 30. Qb3 Qxa5 31. Bxb5 Nc5 32. Qc4 Qc7 33. Be8 Ba6 34. Qe2 Bb7 35. Qc4 Ba6 36. Bb5 Bb7 37. Kh2 Qe7 38. Kg1 1/2-1/2

[Event "Wichern op 3rd"]
[Site "Hamburg"]
[Date "1995.??.??"]
[Round "4"]
[White "Gleizerov, Evgeny"]
[Black "Kloepfer, Markus"]
[Result "1-0"]
[WhiteElo "2540"]
[BlackElo "2155"]
[PlyCount "71"]
[EventDate "1995.09.??"]
[EventType "swiss"]
[EventRounds "9"]
[EventCountry "GER"]
[SourceTitle "EXT 1997"]
[Source "ChessBase"]
[SourceDate "1996.11.15"]
[SourceVersion "1"]
[SourceVersionDate "1996.11.15"]
[SourceQuality "1"]

1. d4 Nf6 2. c4 g6 3. Nc3 Bg7 4. e4 d6 5. Nf3 0-0 6. Be2 e5 7. 0-0 Nc6 8. d5 Ne7 9. Nd2 a5 10. a3 Nd7 11. Rb1 f5 12. b4 Kh8 13. Qc2 Ng8 14. exf5 gxf5 15. f4 Ne7 16. Nf3 axb4 17. axb4 e4 18. Ne1 Nf6 19. Bb2 c6 20. Qb3 b5 21. Nc2 Qb6+ 22. Kh1 bxc4 23. Bxc4 cxd5 24. Nxd5 Nfxd5 25. Bxd5 Nxd5 26. Bxg7+ Kxg7 27. Qxd5 Bb7 28. Qd2 h6 29. Rfd1 Ra2 30. Qc3+ Kh7 31. Ne3 Rf2 32. Rbc1 Rf7 33. Nc4 Qa7 34. Nxd6 e3 35. Nxf7 Rxg2 36. Qh8+ 1-0

[Event "Wichern op 3rd"]
[Site "Hamburg"]
[Date "1995.??.??"]
[Round "7"]
[White "Heyken, Enno"]
[Black "Kloepfer, Markus"]
[Result "1-0"]
[WhiteElo "2340"]
[BlackElo "2155"]
[PlyCount "113"]
[EventDate "1995.09.??"]
[EventType "swiss"]
[EventRounds "9"]
[EventCountry "GER"]
[SourceTitle "EXT 1997"]
[Source "ChessBase"]
[SourceDate "1996.11.15"]
[SourceVersion "1"]
[SourceVersionDate "1996.11.15"]
[SourceQuality "1"]

1. d4 Nf6 2. Nc3 d5 3. Bg5 Bf5 4. Bxf6 exf6 5. e3 Qd7 6. Bd3 Bxd3 7. Qxd3 f5 8. h4 h5 9. Nge2 c6 10. Nf4 Bb4 11. 0-0-0 Na6 12. Nce2 Bd6 13. Kb1 g6 14. c4 Nb4 15. Qb3 dxc4 16. Qxc4 b5 17. Qc3 0-0 18. d5 c5 19. Rh3 Qe7 20. Ng3 Be5 21. Qd2 Rfd8 22. e4 Qd6 23. Nd3 Nxd3 24. Qxd3 c4 25. Qc2 f4 26. Ne2 Qc5 27. Rf3 b4 28. Nxf4 Qb5 29. Ne2 Rab8 30. b3 Rdc8 31. bxc4 Rxc4 32. Qb3 a5 33. Rc1 Rxc1+ 34. Nxc1 a4 35. Qd3 Qb6 36. Qc4 Qd6 37. Qc6 Qe7 38. Qxa4 Rc8 39. Nd3 Bc3 40. e5 Qxh4 41. Qd7 Rf8 42. e6 Qh1+ 43. Kc2 Qa1 44. exf7+ Kh7 45. Qa4 Qf1 46. Qe8 Qa1 47. Qxf8 Qxa2+ 48. Nb2 Qxb2+ 49. Kd3 Qd2+ 50. Kc4 Qd4+ 51. Kb5 Qxd5+ 52. Qc5 Qb7+ 53. Ka4 Qa8+ 54. Kb3 Qa3+ 55. Kc4 Qa6+ 56. Kd5 Qb7+ 57. Qc6 1-0

[Event "Wuerzburg op 9th"]
[Site "Wuerzburg"]
[Date "1993.??.??"]
[Round "5"]
[White "Hoepfl, Thomas"]
[Black "Kloepfer, Markus"]
[Result "1/2-1/2"]
[WhiteElo "2240"]
[BlackElo "2200"]
[PlyCount "89"]
[EventDate "1993.06.01"]
[EventType "swiss"]
[EventRounds "7"]
[EventCountry "GER"]
[SourceTitle "EXT 2001"]
[Source "ChessBase"]
[SourceDate "2000.11.22"]
[SourceVersion "1"]
[SourceVersionDate "2000.11.22"]
[SourceQuality "1"]

1. e4 c5 2. Nf3 d6 3. d4 cxd4 4. Nxd4 Nf6 5. Nc3 g6 6. g3 Nc6 7. Nde2 Bd7 8. Bg2 Qc8 9. h3 Bg7 10. Be3 h5 11. Qd2 Na5 12. b3 Nc6 13. Rc1 Rb8 14. Nd5 b5 15. Bg5 Ng8 16. c4 e6 17. Nb4 Nxb4 18. Qxb4 bxc4 19. Qxd6 Rb6 20. Qd2 Ne7 21. Rxc4 Qa6 22. 0-0 Rd6 23. Qe3 Nc6 24. Ra4 Qb5 25. Nc3 Qb8 26. e5 Nxe5 27. Qxa7 Qc8 28. Ne4 Rd3 29. Nf6+ Kf8 30. Nxd7+ Rxd7 31. Qa8 Rc7 32. Qxc8+ Rxc8 33. Ra8 Rxa8 34. Bxa8 f6 35. Be3 Kf7 36. Be4 g5 37. Rc1 f5 38. Rc7+ Kf6 39. Bd4 Rd8 40. Bxe5+ Kxe5 41. Rxg7 Kxe4 42. Rxg5 Kf3 43. Rxh5 Rd1+ 44. Kh2 Rd2 45. h4 1/2-1/2

[Event "Altensteig-B"]
[Site "Altensteig"]
[Date "1993.??.??"]
[Round "1"]
[White "Kloepfer, Markus"]
[Black "Ullrich, Farid Raoul"]
[Result "0-1"]
[WhiteElo "2195"]
[BlackElo "2255"]
[PlyCount "62"]
[EventDate "1993.07.07"]
[EventType "tourn"]
[EventRounds "11"]
[EventCountry "GER"]
[EventCategory "4"]
[SourceTitle "CBM 035 Extra"]
[Source "ChessBase"]
[SourceDate "1993.09.01"]
[SourceVersion "1"]
[SourceVersionDate "1993.09.01"]
[SourceQuality "1"]

1. d4 Nf6 2. c4 g6 3. Nc3 Bg7 4. e4 d6 5. Nf3 0-0 6. Be2 e5 7. d5 Na6 8. Nd2 c5 9. 0-0 Nd7 10. Nf3 f5 11. exf5 gxf5 12. Ng5 Nc7 13. f4 e4 14. Be3 Nf6 15. Qd2 a6 16. a4 h6 17. Nh3 b6 18. Nf2 h5 19. h3 h4 20. Kh2 Bd7 21. Nh1 Kf7 22. Rg1 Rh8 23. Qe1 Qg8 24. Rb1 a5 25. Qd2 Qh7 26. Nf2 Nh5 27. Bd1 Rag8 28. b3 Bf6 29. Bc2 Ng3 30. Rbe1 Qg7 31. Nh1 Bxc3 0-1

[Event "Stuttgart-ch"]
[Site "Stuttgart"]
[Date "1993.??.??"]
[Round "2"]
[White "Wilde, Pierre"]
[Black "Kloepfer, Markus"]
[Result "1-0"]
[WhiteElo "2280"]
[BlackElo "2200"]
[PlyCount "113"]
[EventDate "1993.??.??"]
[EventType "swiss"]
[EventRounds "7"]
[EventCountry "GER"]
[SourceTitle "EXT 2001"]
[Source "ChessBase"]
[SourceDate "2000.11.22"]
[SourceVersion "1"]
[SourceVersionDate "2000.11.22"]
[SourceQuality "1"]

1. d4 Nf6 2. c4 g6 3. Nc3 Bg7 4. e4 d6 5. f3 0-0 6. Be3 e5 7. d5 c6 8. Qd2 cxd5 9. cxd5 Nh5 10. Bd3 f5 11. exf5 gxf5 12. Nge2 Nd7 13. 0-0 Ndf6 14. Kh1 Qe7 15. Bg5 Qf7 16. Qc2 Qg6 17. Be3 Bh6 18. Bxh6 Qxh6 19. Bxf5 Kh8 20. Bxc8 Raxc8 21. Qd3 a6 22. Rac1 Rg8 23. Kg1 Rg7 24. Rc2 Rcg8 25. Rf2 Rg5 26. Ne4 Nxe4 27. fxe4 Nf6 28. g3 Ng4 29. Rg2 Rh5 30. Qd2 Ne3 31. Rc7 Rf8 32. Rc1 Nxg2 33. Qxh6 Rxh6 34. Kxg2 Rhf6 35. Re1 Rf2+ 36. Kg1 R2f3 37. Nc3 b5 38. a3 Rd3 39. Re2 Rc8 40. Na2 a5 41. Nc3 Rc5 42. Kf2 Kg7 43. Re3 Rd2+ 44. Re2 Rxe2+ 45. Kxe2 b4 46. axb4 axb4 47. Nd1 Rc2+ 48. Kd3 b3 49. Ne3 Rxb2 50. Nf5+ Kf6 51. Kc3 Re2 52. Kxb3 Rxe4 53. Nxd6 Rd4 54. Ne8+ Ke7 55. Nc7 Kd7 56. Ne6 h6 57. Nxd4 1-0